[Event "KS traeningsturnering 1977"]
[Site "Copenhagen"]
[Date "1977.10.05"]
[Round "7"]
[White "Kjaerbye, Michael Saager"]
[Black "Nilsson, Nils Specht"]
[Result "1-0"]
[WhiteElo "2210"]
[BlackElo "2220"]
[PlyCount "77"]
[EventDate "1977.08.??"]
[EventType "tourn"]
[EventRounds "7"]
[EventCountry "DEN"]
[SourceTitle "KS partibulletin 1977"]

1. d4 Nf6 2. c4 c5 3. Nf3 Nc6 4. d5 Na5 5. Nc3 d6 6. e4 e5 7. Bd3 Be7 8. O-O
O-O 9. Ne1 Ne8 10. f4 exf4 11. Bxf4 Bf6 12. h3 g5 13. Bg3 g4 14. hxg4 Bd4+ 15.
Bf2 Bxc3 16. bxc3 Qg5 17. Nf3 Qxg4 18. Qc2 Qh5 19. Rae1 f6 20. Bg3 Bg4 21. Kf2
f5 22. Rh1 Qg6 23. exf5 Bxf5 24. Re6 Bxd3 25. Rxg6+ Bxg6 26. Qe2 Nf6 27. Rh4
Rae8 28. Qd1 Ne4+ 29. Rxe4 Rxe4 30. Bxd6 Rfe8 31. Bxc5 b6 32. Bd4 Nxc4 33. Qa4
Re2+ 34. Kg3 Ne3 35. Nh4 Re4 36. Qxa7 Nf1+ 37. Kh3 Rxh4+ 38. Kxh4 Re4+ 39. Kg5
{Tid} 1-0

[Event "KS traeningsturnering 1977"]
[Site "Copenhagen"]
[Date "1977.10.05"]
[Round "7"]
[White "Andersen, Poul"]
[Black "Telling, Kim"]
[Result "0-1"]
[WhiteElo "2046"]
[BlackElo "1956"]
[PlyCount "80"]
[EventDate "1977.08.??"]
[EventType "tourn"]
[EventRounds "7"]
[EventCountry "DEN"]
[SourceTitle "KS partibulletin 1977"]

1. e4 e5 2. Nf3 Nc6 3. Bb5 Bc5 4. O-O Qf6 5. Nc3 Nge7 6. d3 h6 7. Re1 Nd4 8.
Nxd4 Bxd4 9. Be3 O-O 10. Bxd4 exd4 11. Ne2 c6 12. Ba4 d5 13. f4 Bg4 14. Qd2
dxe4 15. dxe4 Rfd8 16. Ng3 d3 17. e5 Qg6 18. Qb4 Nd5 19. Qxb7 d2 20. Rf1 Ne3
21. f5 Bxf5 22. c3 Nxf1 23. Nxf5 Qxf5 24. Rxf1 Qd7 25. Qa6 Rab8 26. b4 Rb6 27.
Qe2 a5 28. Bb3 Kh8 29. a3 axb4 30. axb4 Qd3 31. Qf2 Rxb4 32. Bd1 Rb7 33. Qc5
Rb1 34. Qe7 Qe3+ 35. Kh1 Qg5 36. Qxf7 Qxe5 37. Qf3 Qd5 38. Qf4 Re8 39. Qf2 Qd3
40. Qf7 Qxf1+ 0-1

[Event "KS traeningsturnering 1977"]
[Site "Copenhagen"]
[Date "1977.10.05"]
[Round "7"]
[White "Sonderstrup, Bjarne"]
[Black "Moe, Mogens"]
[Result "0-1"]
[WhiteElo "2046"]
[BlackElo "2248"]
[PlyCount "70"]
[EventDate "1977.08.??"]
[EventType "tourn"]
[EventRounds "7"]
[EventCountry "DEN"]
[SourceTitle "Mogens Moe"]

1. c4 Nf6 2. Nc3 g6 3. e4 c5 4. g3 Nc6 5. Bg2 Bg7 6. Nge2 O-O 7. O-O d6 8. d3
a6 9. h3 Rb8 10. Be3 b5 11. f4 Nd7 12. Qd2 Na5 13. cxb5 axb5 14. Rab1 b4 15.
Nd1 c4 16. d4 Ba6 17. Re1 Qc7 18. Bf2 Rfc8 19. Rc1 Qc6 20. Ne3 Qa4 21. Nd5 Bf8
22. f5 e6 23. fxe6 fxe6 24. Ndf4 Bh6 25. Qc2 Qxc2 26. Rxc2 b3 27. axb3 cxb3 28.
Rc3 Bxe2 29. Rxc8+ Rxc8 30. Rxe2 Rc2 31. Bf1 Bxf4 32. gxf4 Nc4 33. Be1 Rxb2 34.
Bb4 Rb1 35. Kf2 b2 0-1